[Event "AUTO-OPEN-97"]
[Site "http://www.queenalice.com/game.php?id=17038"]
[Date "2005.6.22"]
[Round "1"]
[White "Mewannawin"]
[Black "chessdeviant"]
[Result "1-0"]
[WhiteElo "1706"]
[BlackElo "1577"]

1. e4 e5 2. Nf3 Nc6 3. Bc4 h6 4. d4 exd4 5. Nxd4 Ne5 6. Bb3 d6 7. Bf4 Ng6 8. Bg3
Qe7 9. O-O Bd7 10. Qf3 Nf6 11. Nc3 Bg4 12. Qe3 O-O-O 13. h3 Bd7 14. Ndb5 Bxb5
15. Nxb5 a6 16. Nc3 Kb8 17. Nd5 Nxd5 18. Bxd5 c6 19. Bb3 h5 20. Rad1 f6 21. Qc5
Ne5 22. Qb6 g5 23. c4 g4 24. h4 Bh6 25. Qd4 c5 26. Qd5 Rhf8 27. Rfe1 f5 28. exf5
Rxf5 29. Bxe5 1-0

[Event "AUTO-OPEN-97"]
[Site "http://www.queenalice.com/game.php?id=17059"]
[Date "2005.6.22"]
[Round "1"]
[White "jiikoo"]
[Black "Mewannawin"]
[Result "1-0"]
[WhiteElo "1835"]
[BlackElo "1574"]

1. e4 e5 2. Nf3 Nc6 3. Bc4 Bc5 4. Nc3 d6 5. O-O Nf6 6. h3 O-O 7. d3 h6 8. Na4 b6
9. Nxc5 bxc5 10. c3 d5 11. exd5 Nxd5 12. Re1 Re8 13. Bb5 Bd7 14. Bxc6 Bxc6 15.
Nxe5 Qe7 16. Bd2 Bb7 17. Qb3 c6 18. Nxc6 Qd7 19. Ne5 Qc7 20. Nf3 Nf6 21. d4 c4
22. Qd1 Ne4 23. Be3 Rad8 24. Qc2 Qc6 25. Re2 Ng5 26. Bxg5 hxg5 27. Rae1 Kf8 28.
Rxe8+ Rxe8 29. Rxe8+ Kxe8 30. Qe2+ Kf8 31. Qe5 f6 32. Qc5+ Kf7 33. Qxc6 Bxc6 34.
Nd2 Bd5 35. g3 Ke6 36. f3 f5 37. Kf2 a6 38. b3 cxb3 39. axb3 Kd6 40. c4 Bb7 41.
Ke3 g6 42. f4 Bg2 43. h4 g4 44. Kd3 Bb7 45. b4 Ba8 46. Nb3 Be4+ 47. Kc3 Bg2 48.
Nc5 Kc6 49. Nxa6 Bf1 50. d5+ 1-0

[Event "AUTO-OPEN-97"]
[Site "http://www.queenalice.com/game.php?id=17060"]
[Date "2005.6.22"]
[Round "1"]
[White "Mewannawin"]
[Black "jiikoo"]
[Result "1-0"]
[WhiteElo "1528"]
[BlackElo "1841"]

1. e4 e5 2. Nf3 Nc6 3. Bb5 a6 4. Ba4 Nf6 5. Nc3 b5 6. Bb3 Be7 7. O-O d6 8. d3
Bg4 9. Nd5 Nd4 10. Nxf6+ Bxf6 11. c3 Nxf3+ 12. gxf3 Bh3 13. Re1 c5 14. f4 exf4
15. Qh5 Qd7 16. Bxf7+ Qxf7 17. Qxh3 Be5 18. Re2 Qg6+ 19. Kf1 O-O 20. f3 b4 21.
Rg2 Qf6 22. d4 cxd4 23. cxb4 Rf7 24. Rc2 Qd8 25. Bd2 Rc7 26. Qe6+ Kh8 27. Rxc7
Qxc7 28. Rc1 Qd8 29. Qf5 h6 30. a4 g5 31. Qe6 Kg7 32. Kg2 h5 33. h3 Rb8 34. Rc6
Ra8 35. Be1 Qe8 36. Rc7+ Kh8 37. Qh6+ Kg8 38. Qxg5+ Kf8 39. Rh7 Rd8 40. Ra7 Rd7
41. Qh6+ Rg7+ 42. Rxg7 Bxg7 43. Qxd6+ Kg8 44. Qxa6 d3 45. Qc4+ Kh8 46. b3 Qg6+
47. Kf1 Qd6 48. Qc8+ Kh7 49. Qf5+ Kg8 50. Qd5+ Qxd5 51. exd5 1-0

[Event "AUTO-OPEN-97"]
[Site "http://www.queenalice.com/game.php?id=17071"]
[Date "2005.6.22"]
[Round "1"]
[White "EmiChess"]
[Black "Mewannawin"]
[Result "1-0"]
[WhiteElo "1972"]
[BlackElo "1817"]

1. e4 e5 2. Nc3 Nf6 3. g3 Bc5 4. Bg2 d6 5. Nf3 O-O 6. d3 Ng4 7. O-O f5 8. Bg5
Qd7 9. exf5 Qxf5 10. Nd5 Qd7 11. h3 Nf6 12. Bxf6 gxf6 13. b4 Bb6 14. Nd2 c6 15.
Nxb6 axb6 16. c4 c5 17. b5 Qg7 18. Ne4 Rd8 19. Nc3 Be6 20. Re1 Ra7 21. Nd5 Bxd5
22. Bxd5+ Kf8 23. Qf3 Rd7 24. Re4 Qh8 25. Rg4 Rg7 26. Qxf6+ 1-0

[Event "AUTO-OPEN-97"]
[Site "http://www.queenalice.com/game.php?id=17072"]
[Date "2005.6.22"]
[Round "1"]
[White "Mewannawin"]
[Black "EmiChess"]
[Result "0-1"]
[WhiteElo "1797"]
[BlackElo "2005"]

1. e4 e5 2. Nf3 Nf6 3. Nxe5 d6 4. Nf3 Nxe4 5. Qe2 Qe7 6. d3 Nf6 7. Be3 Nc6 8.
Nbd2 Nb4 9. Nb3 Bg4 10. Kd2 Nfd5 11. a3 Nc6 12. c4 Nxe3 13. fxe3 Qf6 14. d4
O-O-O 15. h3 Bf5 16. g4 Be4 17. Bg2 d5 18. c5 Be7 19. Rhf1 Qe6 20. Kc3 h5 21.
Nh2 Bxg2 22. Qxg2 Qxe3+ 23. Kc2 Nxd4+ 24. Nxd4 Qxd4 25. Rxf7 Rhf8 26. Rf3 Qe4+
27. Kd2 Rxf3 28. Qxf3 Qd4+ 0-1

[Event "AUTO-OPEN-99"]
[Site "http://www.queenalice.com/game.php?id=17649"]
[Date "2005.6.28"]
[Round "1"]
[White "don1kiko"]
[Black "Mewannawin"]
[Result "1-0"]
[WhiteElo "1721"]
[BlackElo "1751"]

1. c4 c5 2. Nc3 Nc6 3. e4 e5 4. Nf3 Nd4 5. Nxe5 d6 6. Qa4+ Bd7 7. Nxd7 Qxd7 8.
Qxd7+ Kxd7 9. Bd3 Ne7 10. O-O Nec6 11. a3 Ne5 12. Bb1 a6 13. b4 Nxc4 14. Nd5 Kc6
15. d3 Nb6 16. Ba2 Ne2+ 17. Kh1 Nxc1 18. Raxc1 Nxd5 19. Bxd5+ Kb5 20. bxc5 dxc5
21. Rb1+ Ka4 22. Rxb7 f6 23. g3 Bd6 24. Rfb1 Rab8 25. Bc6+ Ka5 26. Rxb8 Rxb8 27.
Rxb8 Bxb8 28. Kg2 Kb6 29. Bd5 g5 30. h4 h6 31. Kh3 Kc7 32. Kg4 gxh4 33. Kxh4 Kd6
34. f4 Ke7 35. Kh5 Bd6 36. Kxh6 Kf8 37. Kg6 Be7 38. Bc4 a5 39. a4 Bd8 40. e5
fxe5 41. fxe5 Bc7 42. Kf5 Bb8 43. g4 Bc7 44. g5 Bb8 45. Kf6 1-0

[Event "AUTO-OPEN-99"]
[Site "http://www.queenalice.com/game.php?id=17650"]
[Date "2005.6.28"]
[Round "1"]
[White "Mewannawin"]
[Black "don1kiko"]
[Result "1-0"]
[WhiteElo "1726"]
[BlackElo "1739"]

1. e4 c5 2. Nf3 Nc6 3. Bc4 e5 4. Nc3 h6 5. O-O Nf6 6. Bb5 Nd4 7. Bc4 d6 8. d3
Bg4 9. Be3 Nxf3+ 10. gxf3 Bh3 11. Re1 Nh5 12. Bb5+ Ke7 13. Nd5+ Ke6 14. Bc4 Kd7
15. c3 Kc8 16. b4 g5 17. bxc5 dxc5 18. Qb3 Nf4 19. d4 exd4 20. cxd4 Be6 21. Nxf4
Bxc4 22. Qxc4 gxf4 23. Bxf4 Rg8+ 24. Bg3 Qe7 25. Rac1 Rg5 26. d5 Qf6 27. Qc3 Qd8
28. Kf1 b6 29. Bh4 Bg7 30. Qd2 Bf6 31. Bxg5 Bxg5 32. f4 Bh4 33. Qd3 Kb7 34. e5
Rc8 35. d6 Qd7 36. Qf3+ Rc6 37. Re4 a5 38. f5 Bg5 39. Rc2 Bd8 40. Rd2 Ka7 41.
Rf4 Ka6 42. Qd5 Bg5 43. e6 fxe6 44. fxe6 Qc8 45. e7 Qh3+ 46. Ke2 Bxf4 47. e8=Q
Qg4+ 48. Qf3 1-0

[Event "AUTO-OPEN-99"]
[Site "http://www.queenalice.com/game.php?id=17671"]
[Date "2005.6.28"]
[Round "1"]
[White "Boeing"]
[Black "Mewannawin"]
[Result "1/2-1/2"]
[WhiteElo "1765"]
[BlackElo "1822"]

1. e4 e5 2. Qh5 Nc6 3. Bc4 Qf6 4. c3 Bc5 5. Nf3 g6 6. Qh4 Qxh4 7. Nxh4 Nf6 8. d3
Ng4 9. Be3 Bxe3 10. fxe3 Nxe3 11. Bb3 g5 12. Nf3 h6 13. d4 Nxg2+ 14. Kf2 Nf4 15.
dxe5 Nd3+ 16. Ke3 Ndxe5 17. Rf1 Nxf3 18. Rxf3 Ne5 19. Rf5 d6 20. Rf1 Rf8 21. Nd2
Ng4+ 22. Kd3 Nxh2 23. Rh1 Ng4 24. Ke2 b6 25. Bd5 Ba6+ 26. c4 Rb8 27. Rag1 Bc8
28. b4 Bd7 29. b5 f5 30. exf5 Bxf5 31. Bf3 Ne5 32. Rxh6 Bd3+ 33. Ke3 Nxf3 34.
Nxf3 Bxc4 35. a4 Rd8 36. Nxg5 d5 37. Ne6 d4+ 38. Nxd4 Rd6 39. Rxd6 cxd6 40. Nc6
Rf7 41. Kd4 Bb3 42. a5 bxa5 43. Nxa5 Be6 44. Rg8+ Rf8 1/2-1/2

[Event "AUTO-OPEN-99"]
[Site "http://www.queenalice.com/game.php?id=17672"]
[Date "2005.6.28"]
[Round "1"]
[White "Mewannawin"]
[Black "Boeing"]
[Result "1-0"]
[WhiteElo "1784"]
[BlackElo "1763"]

1. e4 e5 2. Nf3 d6 3. d4 exd4 4. Nxd4 Nc6 5. Nxc6 bxc6 6. Bd3 a5 7. Nc3 Ba6 8.
Bxa6 Rxa6 9. Be3 Nf6 10. O-O d5 11. Qd3 Qc8 12. f3 dxe4 13. Nxe4 Be7 14. Rad1
O-O 15. Nxf6+ Bxf6 16. b3 Rd8 17. Qc4 Rxd1 18. Rxd1 h6 19. Bf4 Be7 20. Qd3 Bc5+
21. Kh1 Ra8 22. Qe4 Qe6 23. Qxe6 fxe6 24. Bxc7 Kh7 25. h3 a4 26. Be5 axb3 27.
axb3 Ra2 28. c3 Re2 29. Bd4 Bxd4 30. Rxd4 Re3 31. Rc4 g5 32. Rxc6 e5 33. b4 Re1+
34. Kh2 Rb1 35. Rc5 Re1 36. b5 h5 37. b6 g4 38. Rb5 gxf3 39. gxf3 1-0

[Event "AUTO-OPEN-99"]
[Site "http://www.queenalice.com/game.php?id=17685"]
[Date "2005.6.28"]
[Round "1"]
[White "Mewannawin"]
[Black "arqueduke"]
[Result "1-0"]
[WhiteElo "1760"]
[BlackElo "1286"]

1. e4 e5 2. Nf3 Qf6 3. b3 Bc5 4. Ba3 b6 5. Bxc5 bxc5 6. Nc3 Nc6 7. Nd5 Qd6 8. c3
Nf6 9. Bc4 Rb8 10. O-O Nxe4 11. Re1 f5 12. Qe2 h5 13. h4 g5 14. hxg5 a5 15. Bd3
1-0

[Event "AUTO-OPEN-99"]
[Site "http://www.queenalice.com/game.php?id=17686"]
[Date "2005.6.28"]
[Round "1"]
[White "arqueduke"]
[Black "Mewannawin"]
[Result "0-1"]
[WhiteElo "1286"]
[BlackElo "1760"]

1. e4 e5 2. Bc4 Nf6 3. c3 c6 4. a4 Nxe4 5. Qf3 Ng5 6. Qf5 d6 7. Qc2 d5 8. Be2
Qf6 9. Nf3 Nxf3+ 10. gxf3 Nd7 11. c4 d4 12. Rg1 a5 13. d3 Bb4+ 14. Bd2 Bxd2+ 0-1

[Event "AUTO-MASTER-30"]
[Site "http://www.queenalice.com/game.php?id=25213"]
[Date "2005.8.22"]
[Round "1"]
[White "modestyblase"]
[Black "Mewannawin"]
[Result "1-0"]
[WhiteElo "1961"]
[BlackElo "1666"]

1. d4 d5 2. c4 e6 3. e3 Nf6 4. a3 b6 5. b4 c5 6. dxc5 bxc5 7. b5 a6 8. Bb2 Bd7
9. a4 axb5 10. cxb5 c4 11. Nf3 Qa5+ 12. Ke2 Bb4 13. Qd4 O-O 14. Nc3 1-0

[Event "AUTO-MASTER-30"]
[Site "http://www.queenalice.com/game.php?id=25214"]
[Date "2005.8.22"]
[Round "1"]
[White "Mewannawin"]
[Black "modestyblase"]
[Result "0-1"]
[WhiteElo "1635"]
[BlackElo "1967"]

1. e4 c5 2. Nf3 Nc6 3. d4 cxd4 4. Nxd4 Nf6 5. Nc3 e5 6. Nxc6 bxc6 7. Bd3 d5 8.
exd5 cxd5 9. O-O a6 10. h3 Bb7 11. Bg5 Be7 12. a3 O-O 13. Bxf6 Bxf6 14. Qg4 Re8
15. Rfe1 Qc7 16. Qg3 Rac8 0-1

[Event "AUTO-MASTER-30"]
[Site "http://www.queenalice.com/game.php?id=25229"]
[Date "2005.8.22"]
[Round "1"]
[White "Gandwynn"]
[Black "Mewannawin"]
[Result "0-1"]
[WhiteElo "1324"]
[BlackElo "1707"]

1. e4 e5 2. Nf3 Nc6 3. Bc4 Bc5 4. O-O Nf6 5. d4 Nxd4 6. Nxe5 O-O 7. c3 Ne6 8.
Bxe6 fxe6 9. Bg5 h6 10. Bxf6 Qxf6 11. Nxd7 Bxd7 12. Qxd7 Bxf2+ 13. Kh1 Rf7 14.
Qd3 Rd8 0-1

[Event "AUTO-MASTER-30"]
[Site "http://www.queenalice.com/game.php?id=25230"]
[Date "2005.8.22"]
[Round "1"]
[White "Mewannawin"]
[Black "Gandwynn"]
[Result "1-0"]
[WhiteElo "1708"]
[BlackElo "1324"]

1. e4 e5 2. Nf3 Nc6 3. Bb5 a6 4. Ba4 Nf6 5. Nc3 d6 6. h3 b5 7. Bb3 b4 8. Nd5
Nxd5 9. Bxd5 Bd7 10. O-O Be7 11. d4 Bf6 12. dxe5 Bxe5 13. Nxe5 Nxe5 14. f4 1-0

[Event "AUTO-MASTER-30"]
[Site "http://www.queenalice.com/game.php?id=25240"]
[Date "2005.8.22"]
[Round "1"]
[White "Mewannawin"]
[Black "adilson_camargo"]
[Result "0-1"]
[WhiteElo "1662"]
[BlackElo "1377"]

1. e4 e5 2. Nf3 d6 3. d4 exd4 4. Nxd4 Nf6 5. Nc3 Be7 6. Be2 O-O 7. O-O h6 8. h3
c5 9. Nf3 Be6 10. b3 Nc6 11. Bb2 a6 12. a3 b5 13. Ne1 d5 14. exd5 Nxd5 15. Nxd5
Bxd5 16. Bf3 Bxf3 17. Nxf3 Ra7 18. Qxd8 Rxd8 19. Rad1 Rad7 0-1